000
00329nam a2200145Ia 4500
003
OSt
008
191201s2012 xx 000 0 und d
082
_a
621.4
_b
SHP
100
_a
SHARMA, P.C.
245
0
_a
Power Plant Engineering
260
_a
New Delhi
_b
Katson
_c
2012
300
_a
730
650
_a
B.Tech(ME)
942
_2
ddc
_c
BK
999
_c
6418
_d
6418